000 01078nam a2200229 i 4500
001 83136
003 ES-MaACL
005 20250805063247.0
007 t|
008 180606s1930 sp ||||1| spa d
100 1 _aHernández-Pacheco, Francisco,
_d1899-1976
_963010
245 1 0 _aFisiografía, geología y paleontología del territorio de Valladolid /
_cpor Francisco Hernández-Pacheco.
260 _aMadrid :
_bMuseo Nacional de Ciencias Naturales,
_c1930.
300 _a205 p., XIX lám., 1 máp. pleg. col. :
_bil. ;
_c28 cm.
490 1 _aComisión de Investigaciones Paleontológicas y Prehistóricas. Memoria ;
_v37. Serie paleontológica, 9
594 _aPrecede al tít.: Junta para la Ampliación de Estudios e Investigaciones Científicas.
650 4 _aGeomorfología-
_zValladolid (Provincia)
_9164906
650 4 _aPaleontología-
_zValladolid (Provincia)
_9164907
830 0 0 _aComisión de Investigaciones Paleontológicas y Prehistóricas. Memoria
_v37. Serie paleontológica, 9
_9183771
852 _aES-MaACL
_jB-13010
999 _c83136
_d83136